| 000 | 00797nam a2200229 a 4500 | ||
|---|---|---|---|
| 003 | MX-MxUPN | ||
| 005 | 20241001063921.0 | ||
| 008 | 021106s1944 mx r 000 0 spa d | ||
| 035 | _aUPN01000120802 | ||
| 040 |
_aMX-MxUPN _bspa _cMX-MxUPN |
||
| 041 | 0 | _aspa | |
| 050 | 1 | 4 |
_aAC70 _bB5 no.35 |
| 100 | 1 |
_aGracián y Morales, Baltasar, _d1601-1658 _951345 |
|
| 245 | 1 | 0 | _aBaltasar Gracián y Morales |
| 260 |
_aMéxico : _bSecretaría de Educación Pública, _c1944. |
||
| 300 | _a93 páginas | ||
| 490 | 0 |
_aBiblioteca enciclopédica popular ; _v35 |
|
| 650 | 4 |
_aLiteratura española _yÉpoca clásica, 1500-1700 _913879 |
|
| 700 | 1 |
_aGringoire, Pedro, _d1899-1983 _951346 _ecompilación |
|
| 710 | 2 |
_aInstituto Nacional de Pedagogía (México) _epropietario anterior _928088 |
|
| 999 |
_c93136 _d93136 |
||